| 000 | 01168cab a2200301 4500 | ||
|---|---|---|---|
| 001 | ABS56484 | ||
| 008 | 090401t1997 xxu||||| |||| 00| 0 eng d | ||
| 035 | _a(Sirsi) u23991 | ||
| 041 | _aeng | ||
| 100 | _aKirkwood, J. | ||
| 245 | _aHelp is at hand for surveyors | ||
| 260 | _c1997 | ||
| 350 | _a0 | ||
| 490 |
_aEstates Gazette _v(9705) 1 February 1997, 88-90(3) |
||
| 520 | _aSoftware review of PowerSurvey, a package which allows survey information to be recorded on designed forms in a hand-held computer and then downloaded to a PC. Application areas include schedule of rates pricing, work lists, condition surveys, maintenance management, insurance inspections, social surveys, and structural data collection. | ||
| 650 | _aBUILT ENVIRONMENT-BUILDING MAINTENANCE AND REFURBISHMENT | ||
| 650 | _aBUILDING SURVEYS | ||
| 650 | _aBUILDINGS INSURANCE | ||
| 650 | _aCONDITION SURVEYS | ||
| 650 | _aPOWERSURVEY | ||
| 650 | _aSCHEDULE OF RATES | ||
| 650 | _aSOCIAL SURVEYS | ||
| 650 | _aSOFTWARE PACKAGES | ||
| 650 | _aSTRUCTURAL SURVEYS | ||
| 690 | _aMANAGEMENT-BUSINESS MANAGEMENT-INFORMATION MANAGEMENT | ||
| 942 | _n0 | ||
| 948 | _c04/03/1997 | ||
| 999 |
_c16065 _d16065 |
||